Market research in the internet age : (Record no. 344389)
[ view plain ]
| 000 -LEADER | |
|---|---|
| fixed length control field | 02082 a2200205 4500 |
| 020 ## - INTERNATIONAL STANDARD BOOK NUMBER | |
| International Standard Book Number | 0470820640 |
| 020 ## - INTERNATIONAL STANDARD BOOK NUMBER | |
| International Standard Book Number | 9780470820643 |
| 082 04 - DEWEY DECIMAL CLASSIFICATION NUMBER | |
| Classification number | 658.83402854678 |
| 090 ## - LOCALLY ASSIGNED LC-TYPE CALL NUMBER (OCLC); LOCAL CALL NUMBER (RLIN) | |
| -- | 1878 |
| -- | 1878 |
| 100 1# - MAIN ENTRY--PERSONAL NAME | |
| Personal name | Monster, Robert W. |
| 245 10 - TITLE STATEMENT | |
| Title | Market research in the internet age : |
| Remainder of title | leveraging the internet for market measurement and consumer insight / |
| Statement of responsibility, etc. | Robert W. Monster. |
| 260 ## - PUBLICATION, DISTRIBUTION, ETC. | |
| Place of publication, distribution, etc. | [S.l.] : |
| Name of publisher, distributor, etc. | Wiley, |
| Date of publication, distribution, etc. | 2002. |
| 300 ## - PHYSICAL DESCRIPTION | |
| Extent | 300 p. ; |
| Dimensions | 24 cm. |
| 500 ## - GENERAL NOTE | |
| General note | Hardcover. |
| 520 ## - SUMMARY, ETC. | |
| Summary, etc. | Market Research in teh Internet Age takes an in-depth look at the forces that are reshaping the market research and business information industry worldwide. As the impact of the Internet and other enabling technologies take hold, many business processes and activities are being affected. This is creating an abundance of opportunities for value creation, both for new and existing players. This book offers: A visionary discussion of the industry through the eyes of leading practitioners and thinkers in the global market research industry. A comprehensive review of how enabling technology is being applied across the enterprise and around the world. Numerous case studies that demonstrate how the Internet can be used as platform to understand consumers as well as customers. Original research results and executive interviews concerning the state of global market research and the effect of the Internet. Practical guides for evaluating, building and deploying Net-centric tools for multi mode and multi country online research management. This groundbreaking book offers a strategic and visionary analysis of a new era in market research. Written by globally recognized leaders in the field, it puts forward a practical guide to the strategic use of Internet-based technologies and work processes for streamlined management of market research. |
| 700 1# - ADDED ENTRY--PERSONAL NAME | |
| Personal name | Pettit, Raymond C. |
| 856 40 - ELECTRONIC LOCATION AND ACCESS | |
| Materials specified | Amazon.com |
| Uniform Resource Identifier | <a href="http://www.amazon.com/exec/obidos/ASIN/0470820640/chopaconline-20">http://www.amazon.com/exec/obidos/ASIN/0470820640/chopaconline-20</a> |
| 856 40 - ELECTRONIC LOCATION AND ACCESS | |
| Materials specified | Amazon customer reviews |
| Uniform Resource Identifier | <a href="http://www.chopac.org/cgi-bin/tools/azrev.pl?q=0470820640">http://www.chopac.org/cgi-bin/tools/azrev.pl?q=0470820640</a> |
| 942 ## - ADDED ENTRY ELEMENTS (KOHA) | |
| Institution code [OBSOLETE] | NBS |
| Koha item type | Book |
| Call number prefix | 658.8 MON |
| Withdrawn status | Lost status | Damaged status | Not for loan | Permanent Location | Current Location | Date acquired | Total Checkouts | Full call number | Barcode | Date last seen | Price effective from | Koha item type |
|---|---|---|---|---|---|---|---|---|---|---|---|---|
| Central Library (CL) | Central Library (CL) | 08/28/2013 | 658.8 MON | NBS4938 | 07/07/2014 | 08/28/2013 | Book |
